00463nam a22001697a 450000500170000001000140001702000280003103500130005903700090007208200100008124500440009126000400013527000680017530000300024349000060027370000140027920241209121059.0 a B-761428 a9788181536037c190.00  aB-761428 bGift a507.8 aRainbow 51 in 1 Science Experiments-1/  aDelhi bRainbow Books c2019(repr.) aF-32, Street No.12, Parwana Road, Jagat Puri, b Delhi e110051 a130p.c25cm(Hb)bcol.ill. v1 aAakanksha